Welcome to the Holygrace Academy Library

Please use search bar below to get started

HORRIBLE HISTORIES: VILE VICTORIANS (Record no. 8774)

MARC details
000 -LEADER
fixed length control field 00440nam a22001577a 4500
020 ## - INTERNATIONAL STANDARD BOOK NUMBER
ISBN 978-1-407163-87-1
082 ## - DEWEY DECIMAL CLASSIFICATION NUMBER
Classification number 823
Item number DEA/V
100 ## - MAIN ENTRY--AUTHOR NAME
Personal name DEARY, TERRY
245 ## - TITLE STATEMENT
Title HORRIBLE HISTORIES: VILE VICTORIANS
246 ## - VARYING FORM OF TITLE
Title proper/short title HORRIBLE HISTORIES: VILE VICTORIANS
Remainder of title HORRIBLE HISTORIES: VILE VICTORIANS
260 ## - PUBLICATION, DISTRIBUTION, ETC. (IMPRINT)
Place of publication U K
Name of publisher SCHOLASTIC
Year of publication 2016
300 ## - PHYSICAL DESCRIPTION
Number of Pages 140
520 ## - SUMMARY, ETC.
Summary, etc VICTORIAN AGE
650 ## - SUBJECT ADDED ENTRY--TOPICAL TERM
Topical Term ENGLISH STORY RELATED TO HISTORY
942 ## - ADDED ENTRY ELEMENTS (KOHA)
Koha item type Books
Holdings
Withdrawn status Lost status Collection code Home library Current library Shelving location Date acquired Source of acquisition Cost, normal purchase price Full call number Accession Number Koha item type
    Fiction Main Library Main Library SHELF 4-C HORRIBLE HISTORIES 29/11/2019 PURCHASED 250.00 823 DEA/V 12138 Books